Welcome to CU Library Online Public Access Catalogue (OPAC)

Microbiology/ (Record no. 2606)

MARC details
000 -LEADER
fixed length control field 00556nam a22001817a 4500
005 - DATE AND TIME OF LATEST TRANSACTION
control field 20250117101723.0
008 - FIXED-LENGTH DATA ELEMENTS--GENERAL INFORMATION
fixed length control field 250117b |||||||| |||| 00| 0 eng d
020 ## - INTERNATIONAL STANDARD BOOK NUMBER
International Standard Book Number 9780072951752
050 ## - LIBRARY OF CONGRESS CALL NUMBER
Classification number QR41.2
Item number .P74
100 ## - MAIN ENTRY--PERSONAL NAME
Personal name Prescott, Lansing M.
245 ## - TITLE STATEMENT
Title Microbiology/
Statement of responsibility, etc. Lansing M. Prescott, John P. Harley, Donald A. Klein
250 ## - EDITION STATEMENT
Edition statement 6th ed.
260 ## - PUBLICATION, DISTRIBUTION, ETC.
Place of publication, distribution, etc. Boston
Name of publisher, distributor, etc. McGraw Hill Higher Education
Date of publication, distribution, etc. 2005
300 ## - PHYSICAL DESCRIPTION
Extent xxii. various paging
Other physical details ill. color
Dimensions 28cm
700 ## - ADDED ENTRY--PERSONAL NAME
Personal name Harley, John P.
700 ## - ADDED ENTRY--PERSONAL NAME
Personal name Klein, Donald A.
942 ## - ADDED ENTRY ELEMENTS (KOHA)
Source of classification or shelving scheme Library of Congress Classification
Koha item type Books
Edition 6th ed.
Suppress in OPAC No
999 ## -
-- 2606
-- 2606
Holdings
Withdrawn status Lost status Source of classification or shelving scheme Damaged status Not for loan Collection Home library Current library Shelving location Date acquired Total checkouts Full call number Barcode Date last seen Copy number Price effective from Koha item type
    Library of Congress Classification     Non-fiction Science Library (Miotso) Science Library (Miotso) General stacks 01/17/2025   QR41.2 .P74 PRE SLM00001874 01/17/2025 1 01/17/2025 Books
    Library of Congress Classification     Non-fiction Science Library (Miotso) Science Library (Miotso) General stacks 01/17/2025   QR41.2 .P74 PRE SLM00001875 01/17/2025 2 01/17/2025 Books
© 2023-2024 Copyright: Central University Libraries. All Rights Reserved | Created by: Mahone Tech Office